000 00211 a2200109 4500
020 _a078073003990
041 _aspa
100 _aMaccarone, Grace
245 _aEl almuerzo sorpresa
942 _cBK
952 _74
999 _c19848
_d19848